01908aab a2200409 a 4500003000900000008004100009022001400050040001800064041000800082044000700090080001100097245002600108260003600134300005100170505001800221505004500239505006700284505007100351505006200422505005500484505003800539505007000577505005800647505006700705505007000772505004600842505007500888505007100963505008601034505007201120505009401192505006401286650003101350650001301381700002301394773008101417AR-RoUNA140529||||||||||||||||| |||| 0|||| d a0210-2080 aAR-RoUNAbspa aspa asp a72.036 aOn Diseño nNº 162 aBarcelona :bOn Diseño,c1998 a178 p. :bplanosbplantasbfot. col.c29x24 cm0 tKING/ MIRANDA0 aKing / Miranda/ Trabajos recientes. p 780 aKing / Miranda/ La Caracola, la fundición y la esposa. p.800 aKing /Miranda / Electrodomésticos para Olimpia / Splendid. p. 820 aKing / Miranda / Estructura expositiva Palo Alto. p. 94 0 aKing /Miranda / Los interiores del diseño. p.1020 tTRES ZAPATERIAS Y UNA RELOJERÍA0 aYbarguengoitia Manuel/ Zapatería Taltavull. (Barcelona). p. 1160 aSalas Fernando / Tienda de botas en Barcelona. p. 1240 aYbarguengoitia Manuel/ Zapaterías Casas. (Barcelona). p. 1300 aEspinas Julia y Tarrasó Olga / Relojería en Barcelona. p. 1360 tOBRA RECIENTE DEL ESTUDIO ESPINET / UBACH0 aTendenciosidad y heterodoxia: la potencia del gesto proyectual. p. 1420 aEspinet -Ubach/ Nueva sede de la escuela EINA. (Barcelona). p. 1460 aEspinet -Ubach/ Propuesta de ordenación de puerto deportivo en Melilla. p. 1580 aEspinet -Ubach/ Construcción auxiliar en Pacs del Penedes. p. 1640 aEspinet -Ubach/ Restaurante cafetería del Museo Olímpico de Lausanne. (Suiza). p. 1700 aEspinet -Ubach/ Escuela en Santa Coloma de Gramanet. p. 1784 aArquitectura contemporanea4 aDiseño1 aLlopis, Carmeedrt aOn DiseñodBarcelona, AramEdiciones S.A, g162- ( 1995 ). p.154x0210-2080